[Event "Pan American-ch School U13 12th"]
[Site "Callao"]
[Date "2023.10.21"]
[Round "9"]
[White "Valdez Maravi, Angel Yhadiel"]
[Black "Salas Gonzales, David Ademar"]
[Result "1-0"]
[WhiteElo "1210"]
[BlackElo "1362"]
[PlyCount "177"]
[EventDate "2023.10.16"]
[EventType "swiss"]
[EventRounds "9"]
[EventCountry "PER"]
[SourceTitle "Mega2024 Update 01"]
[Source "Chessbase"]
[SourceDate "2023.11.12"]
[SourceVersion "1"]
[SourceVersionDate "2023.11.12"]
[SourceQuality "1"]

1. c4 c5 2. g3 g6 3. Bg2 Bg7 4. e3 Nc6 5. Ne2 e6 6. Nbc3 Nge7 7. d4 cxd4 8. exd4 d5 9. cxd5 exd5 10. Be3 0-0 11. 0-0 Be6 12. Na4 Nf5 13. Qd2 Na5 14. b3 b6 15. Rac1 Re8 16. Nf4 Qd7 17. Rc2 Nxe3 18. fxe3 Bf5 19. Rc3 Be4 20. Rfc1 Bxg2 21. Qxg2 Rxe3 22. Rxe3 Bxd4 23. Nxd5 Rd8 24. Nac3 Re8 25. Kh1 Rxe3 26. Nxe3 Bxe3 27. Rd1 Qc6 28. Qxc6 Nxc6 29. Kg2 Bc5 30. Ne4 Be7 31. Rc1 Nb4 32. Rc7 Kf8 33. Rxa7 f5 34. Nc3 h5 35. Rb7 Bc5 36. Na4 Nxa2 37. Nxc5 bxc5 38. Rc7 Nc1 39. b4 Nb3 40. b5 Ke8 41. b6 Kd8 42. Rc6 Kd7 43. b7 Kxc6 44. b8Q c4 45. Kf2 Kd5 46. Ke1 Nd4 47. Kd1 g5 48. Qh8 h4 49. Qg8+ Ne6 50. Qf7 Ke5 51. Kd2 hxg3 52. hxg3 Nc5 53. Kc3 Ne4+ 54. Kc2 f4 55. gxf4+ gxf4 56. Qxc4 f3 57. Kd1 Kf4 58. Ke1 Ke3 59. Qc1+ Kd3 60. Qf4 f2+ 61. Kf1 Kd4 62. Ke2 f1Q+ 63. Kxf1 Kd3 64. Qf8 Ke3 65. Qe7 Kd3 66. Kg2 Ke3 67. Qe5 Kd3 68. Kf3 Nd2+ 69. Kf4 Nc4 70. Qd5+ Kc3 71. Qc5 Kd3 72. Kf3 Nd2+ 73. Kf4 Nc4 74. Qb5 Kd4 75. Qd7+ Kc5 76. Ke4 Nd6+ 77. Kd3 Kd5 78. Qd8 Ke5 79. Ke3 Nf5+ 80. Kd3 Kf4 81. Qf6 Kg4 82. Ke4 Ng3+ 83. Ke5 Nh1 84. Qf4+ Kh3 85. Qf3+ Kh2 86. Kf4 Kg1 87. Qe2 Nf2 88. Kf3 Kh1 89. Kxf2 1-0

[Event "Pan American-ch School U13 12th"]
[Site "Callao"]
[Date "2023.10.17"]
[Round "4"]
[White "Salas Gonzales, David Ademar"]
[Black "Espiritu, Laureano Pier David"]
[Result "1-0"]
[WhiteElo "1362"]
[BlackElo "1181"]
[PlyCount "51"]
[EventDate "2023.10.16"]
[EventType "swiss"]
[EventRounds "9"]
[EventCountry "PER"]
[SourceTitle "Mega2024 Update 01"]
[Source "Chessbase"]
[SourceDate "2023.11.12"]
[SourceVersion "1"]
[SourceVersionDate "2023.11.12"]
[SourceQuality "1"]

1. d4 d5 2. c4 e6 3. Nf3 Nf6 4. Bf4 c6 5. e3 Bb4+ 6. Nc3 Nbd7 7. Be2 dxc4 8. Bxc4 Nb6 9. Bd3 Nbd5 10. Rc1 Nxf4 11. exf4 0-0 12. 0-0 Nd5 13. Nxd5 exd5 14. a3 Bd6 15. Ne5 Bxe5 16. fxe5 Qg5 17. f4 Qe7 18. f5 f6 19. e6 Re8 20. Rc3 Qf8 21. Qh5 Re7 22. Bb1 Qe8 23. Qh4 Qd8 24. Rg3 Qb6 25. Qxf6 Qd8 26. Rxg7+ 1-0

[Event "Pan American-ch School U13 12th"]
[Site "Callao"]
[Date "2023.10.16"]
[Round "2"]
[White "Salas Gonzales, David Ademar"]
[Black "Delgado Alarcon, Julian Rafael"]
[Result "1-0"]
[WhiteElo "1362"]
[BlackElo "1193"]
[PlyCount "49"]
[EventDate "2023.10.16"]
[EventType "swiss"]
[EventRounds "9"]
[EventCountry "PER"]
[SourceTitle "Mega2024 Update 01"]
[Source "Chessbase"]
[SourceDate "2023.11.12"]
[SourceVersion "1"]
[SourceVersionDate "2023.11.12"]
[SourceQuality "1"]

1. d4 e5 2. c4 Nf6 3. Nf3 Be7 4. Bf4 d6 5. Nc3 Nbd7 6. e3 b6 7. Be2 Bb7 8. 0-0 0-0 9. Qc2 Nh5 10. Bg3 Nxg3 11. hxg3 c5 12. Rfd1 a6 13. a3 Qc7 14. Rac1 Rac8 15. b4 Bxf3 16. gxf3 Nf6 17. Kg2 d5 18. dxc5 bxc5 19. b5 d4 20. Ne4 axb5 21. cxb5 Qa5 22. Nxf6+ Bxf6 23. Qb3 dxe3 24. fxe3 Qb6 25. Bc4 1-0

[Event "South America-ch 1st"]
[Site "Lima"]
[Date "2023.09.21"]
[Round "8"]
[White "Salas Gonzales, David Ademar"]
[Black "Urpeque Guzman, Zayaka Isabel"]
[Result "1-0"]
[WhiteElo "1405"]
[BlackElo "1128"]
[PlyCount "45"]
[EventDate "2023.09.14"]
[EventType "swiss"]
[EventRounds "9"]
[EventCountry "PER"]
[SourceTitle "EXT 2024"]
[Source "ChessBase"]
[SourceDate "2023.10.10"]
[SourceVersion "1"]
[SourceVersionDate "2023.10.10"]
[SourceQuality "1"]

1. d4 c5 2. Nf3 cxd4 3. Nxd4 Nf6 4. c4 e6 5. Nc3 Nc6 6. Nxc6 bxc6 7. e4 Bb4 8. Bd3 d5 9. cxd5 cxd5 10. Qa4+ Qd7 11. Bb5 Bxc3+ 12. bxc3 0-0 13. Bxd7 Bxd7 14. Qd4 Nxe4 15. 0-0 Rac8 16. Bb2 Rc4 17. Qxa7 Bb5 18. a4 Rxc3 19. axb5 Rc7 20. Ba3 Rfc8 21. b6 Nd2 22. b7 h6 23. bxc8Q+ 1-0

[Event "South America-ch 1st"]
[Site "Lima"]
[Date "2023.09.20"]
[Round "7"]
[White "Ramirez Mori, Angel Farid"]
[Black "Salas Gonzales, David Ademar"]
[Result "1-0"]
[WhiteElo "1534"]
[BlackElo "1405"]
[PlyCount "39"]
[EventDate "2023.09.14"]
[EventType "swiss"]
[EventRounds "9"]
[EventCountry "PER"]
[SourceTitle "EXT 2024"]
[Source "ChessBase"]
[SourceDate "2023.10.10"]
[SourceVersion "1"]
[SourceVersionDate "2023.10.10"]
[SourceQuality "1"]

1. e4 e5 2. Nf3 Nc6 3. Bb5 a6 4. Bxc6 dxc6 5. 0-0 Bg4 6. h3 h5 7. d3 Bd6 8. Nbd2 c5 9. Qe2 b5 10. Qe3 Bxf3 11. Nxf3 h4 12. Qg5 g6 13. Qxd8+ Rxd8 14. Bg5 f6 15. Bxh4 g5 16. Bg3 Ne7 17. Rfd1 Ng6 18. c3 Kf7 19. d4 Nf4 20. Bxf4 1-0

[Event "South America-ch 1st"]
[Site "Lima"]
[Date "2023.09.19"]
[Round "6"]
[White "Salas Gonzales, David Ademar"]
[Black "Quispe Sanchez, Cristobal Edu"]
[Result "1-0"]
[WhiteElo "1405"]
[BlackElo "1145"]
[PlyCount "61"]
[EventDate "2023.09.14"]
[EventType "swiss"]
[EventRounds "9"]
[EventCountry "PER"]
[SourceTitle "EXT 2024"]
[Source "ChessBase"]
[SourceDate "2023.10.10"]
[SourceVersion "1"]
[SourceVersionDate "2023.10.10"]
[SourceQuality "1"]

1. d4 d5 2. c4 e6 3. Nf3 Nf6 4. Bf4 Nc6 5. e3 Bd7 6. Qc2 Bb4+ 7. Nc3 Ne4 8. Bd3 g5 9. cxd5 Nxc3 10. bxc3 exd5 11. Bxg5 Be7 12. Bf4 f6 13. Bxh7 Be6 14. h4 Qd7 15. Bg6+ Bf7 16. h5 Qg4 17. Ke2 a6 18. Bf5 Qg8 19. h6 Bd6 20. h7 Qf8 21. Bh6 Qe7 22. Bg7 Bh5 23. Bxh8 Bxf3+ 24. gxf3 Bb4 25. Bxf6 Nxd4+ 26. Bxd4 Kf7 27. Bg6+ Ke6 28. Qf5+ Kd6 29. Bf7 c6 30. Bb6 Rf8 31. Rh6+ 1-0

[Event "South America-ch 1st"]
[Site "Lima"]
[Date "2023.09.15"]
[Round "2"]
[White "Salas Gonzales, David Ademar"]
[Black "Guevara Hilario, Jose Antonio"]
[Result "0-1"]
[WhiteElo "1405"]
[BlackElo "1861"]
[PlyCount "72"]
[EventDate "2023.09.14"]
[EventType "swiss"]
[EventRounds "9"]
[EventCountry "PER"]
[SourceTitle "EXT 2024"]
[Source "ChessBase"]
[SourceDate "2023.10.10"]
[SourceVersion "1"]
[SourceVersionDate "2023.10.10"]
[SourceQuality "1"]

1. d4 Nf6 2. c4 c6 3. Nf3 d5 4. c5 b6 5. cxb6 axb6 6. Bf4 Ba6 7. Qc2 e6 8. Nbd2 Bd6 9. Ne5 Bxe5 10. Bxe5 0-0 11. e4 Bxf1 12. Kxf1 Ng4 13. Bxb8 Qxb8 14. e5 c5 15. Qd1 Nh6 16. Nf3 f6 17. g3 Nf5 18. g4 Nxd4 19. Nxd4 cxd4 20. exf6 Qf4 21. Kg2 Rxf6 22. f3 e5 23. Qb3 Rd8 24. h4 e4 25. g5 Qd2+ 26. Kg1 Rxf3 27. Rh2 Qa5 28. Qd1 d3 29. Rc1 Rdf8 30. Rc7 b5 31. Rc1 Qxa2 32. Rc7 Rf1+ 33. Qxf1 Rxf1+ 34. Kxf1 Qb1+ 35. Kg2 Qxb2+ 36. Kg3 Qe5+ 0-1